000 00456nam a2200157 i 4500
001 90132
003 ES-MaACL
005 20230906180347.0
007 t|
008 050118s1917 fr ||||1| fre d
100 1 _aLefèvre, Frédéric.
_971240
245 1 3 _aLa jeune poesie française
_b: hommes et tendances /
_cFrédéric Lefévre.
260 _aParis :
_b[s.n.],
_c1917 (
_fImp. Ch. Colin)
300 _a262 p. ;
_c19 cm.
852 _aES-MaACL
_jF-12762
999 _c90132
_d90132